00650 a2200169 45000010006000000050017000060080041000230030015000640400040000790800093001192450084002122640036002963000018003320410008003501000104003587000018004626283920260407155922.0260407a1980 arg spa dAR-UNSa-BCEJYS aAR-UNSa-BCEJYSbspacAR-UNSa-BCEJYS a339.92xCooperación económica internacional. Integración económica internacional10aIntercambio empresarial de recursos productivos entre países latinoamericanos 1aBuenos Aires :bBID-INTALc1980 a87 p.c28 cm. aspa1 aBanco Interamericano de Desarrollo. Instituto para la Integración de América Latina (BID-INTAL)1 aCampos, Jaime